Notara̕s Aspectos administrativos, contables y legales /

Bibliographic Details
Main Author: Castro Lp̤ez, Lennart Mauricio
Other Authors: Castro Blanco, Luz Amparo
Format: eBook
Language:Spanish
Published: Bogot ̀: Ecoe ediciones, 2011
Series:Ciencias administrativas. Administracin̤
Subjects:
Online Access:Acceso restringido

MARC

LEADER 00000nam a22000007a 4500
005 2012022207157.0
007 cr|||| ||||
008 120222s2011 co |||||s|||| 00||0 spa d
020 |a 978-958-648-691-0 
035 |a 6253 
040 |a vLex 
090 |c 3015  |d 3015 
100 1 |a Castro Lp̤ez, Lennart Mauricio 
245 1 0 |a Notara̕s  |h [Recurso electrn̤ico] :  |b Aspectos administrativos, contables y legales /  |c Lennart Mauricio Castro Lp̤ez, Luz Amparo Castro Blanco  
256 |a Servicio en ln̕ea 
260 |a Bogot ̀:  |b Ecoe ediciones,  |c 2011 
300 |a 1 recurso electrn̤ico 
490 0 |a Ciencias administrativas. Administracin̤  
500 |a Esta obra fue escrita con la finalidad de orientar la actividad notarial en su iniciacin̤ y marcha, entregǹdole al lector una informacin̤ actualizada y de utilidad para el sector notarial, con el props̤ito de ayudar a elaborar los diferentes informes y asi cumplir con las obligaciones del Notario ante las entidades de control. El libro ayuda a orientar la actividad notarial con informacin̤ actualizada y de utilidad para el sector en la elaboracin̤ de informes. 
506 1 |a Contenido solo disponible en los productos indicados  |d vLex Global   |d vLex Global (Academic Edition, excluding Law Schools)   |d vLex Global (U.S. Academic Edition, Law Schools)   |d vLex Global (U.S. Academic Edition, excluding Law Schools)   |d vLex Global (Academic Edition, Law Schools)  
650 0 4 |a Notariado  |z Colombia 
700 1 |a Castro Blanco, Luz Amparo 
740 0 |a vLex Libros (Servicio en ln̕ea) 
856 4 0 |u http://vlex.com/source/notarias-aspectos-administrativos-contables-legales-6253  |z Acceso restringido 
942 |c BOOK 
999 0 |a Notaries